Orientación educativa: Fundamentos teóricos, modelos institucionales y nuevas perspectivas

সংরক্ষণ করুন:
গ্রন্থ-পঞ্জীর বিবরন
প্রধান লেখক: Grañeras Pastrana, Montserrat (Author), Parras Laguna, Antonia (Author)
বিন্যাস: গ্রন্থ
ভাষা:স্প্যানিশ
প্রকাশিত: Madrid Secretaría General Técnica. Subdirección General de Información y Publicaciones 2008
বিষয়গুলি:
ট্যাগগুলো: ট্যাগ যুক্ত করুন
কোনো ট্যাগ নেই, প্রথমজন হিসাবে ট্যাগ করুন!

MARC

LEADER 00000nam a2200000 a 4500
001 UCH9643
003 CL-VaPUC
008 100114e20080000SP |||||||||||||||||spa|d
020 |a 9788436945850 
082 0 4 |a 371.42  |b GRA  |2 21 
100 0 |a Grañeras Pastrana, Montserrat  |e author  |9 546842 
700 0 |a Parras Laguna, Antonia  |e author  |9 546843 
245 1 0 |a Orientación educativa: Fundamentos teóricos, modelos institucionales y nuevas perspectivas 
300 |a 405 p 
942 |c BK 
945 |d 20100114 00:00:00  |a dcastane 
260 |a Madrid  |b Secretaría General Técnica. Subdirección General de Información y Publicaciones  |c 2008 
650 7 |a ORIENTACION EDUCACIONAL  |2 CL-VaPUC  |9 312512 
650 0 |a Psicología educacional   |9 307830 
651 0 |a España  |9 254926 
583 |a last modification  |c 20100114 00:00:00  |k Rodrigo Vera 
999 |c 339564  |d 339562 
952 |0 0  |1 0  |4 0  |6 371_420000000000000_GRA_2008  |7 0  |8 A  |9 433274  |a BIBEDU  |b BIBEDU  |d 2019-11-22  |i 4633822  |o 371.42 GRA 2008  |p 4633822  |r 2019-11-22  |w 2019-11-22  |y BK  |k EPE